| 000 | 02437cgm a22003013a 4500 | ||
|---|---|---|---|
| 001 | 70985 | ||
| 003 | ARRUPE | ||
| 005 | 20160407100704.0 | ||
| 007 | vf cbaho| | ||
| 008 | 960502s1993 sx 082 | vleng | ||
| 010 | _a 94981586 | ||
| 040 |
_aDLC _cDLC _dDLC _eamim |
||
| 042 | _alcode | ||
| 050 | 0 | 0 | _aKSY1744.S199A6 |
| 100 |
_aRepublic of Namibia _923590 |
||
| 245 | 0 | 4 |
_aThe Constitution of the Republic of Namibia : _cRepublic of Namibia |
| 257 | _aNamibia. | ||
| 260 |
_aWindhoek : _bMinistry of Information and Broadcasting, _c2007 |
||
| 300 |
_a80p.; _c21cm. |
||
| 505 | 0 | _aThe supreme law / written by Alexander Dickman ; producer-editor, Jackson K. Swartz ; presented by [host] Nora Chase ; narrated by Joe Diescho (ca. 39 min.) -- Prelude to reconciliation : the drafting of the Namibian Constitution / producer-script-editor, Jackson K. Swartz ; script consultant, Dr. V.S. Veii (ca. 43 min.). | |
| 508 | _aMedia package edited by Helgard Patemann ; educational materials produced by National Institute of Educational Development, Ministry of Education and Culture. | ||
| 520 | _aWork includes two videos about the Namibian Constitution. The supreme law starts with three cases taken from everyday life and asks how they are addressed by the Namibian Constitution. It then systematically explains the provision the Constitution makes for fundamental human rights, the shape of the Namibian government, how the government is elected, and how laws are made. Prelude to reconciliation deals with the drafting process of the Namibian Constitution from the first meeting of the Constituent Assembly on 20 November 1989 to the adoption ceremony on 9 February 1990. It provides historial developments which led to the establishment of the Constituent Assembly. The video documents, through lively interviews, the discussion process of the parties and people involved and highlights controversial issues and issues of common agreement. In this video the patriots very candidly reveal how they managed to marry opposing positions and reach consensus on the fundamental of Africa's youngest nation. | ||
| 541 | _3viewing copy; | ||
| 650 | 0 |
_aConstitutional law _zNamibia. _923553 |
|
| 906 |
_a7 _bcbc _corigode _du _encip _f19 _gy-movingim |
||
| 942 |
_2lcc _cMONOGRAPH |
||
| 999 |
_c124531 _d124531 |
||